Freakonomics : A Rogue Economist Explores the Hidden Side of Everything /

সংরক্ষণ করুন:
গ্রন্থ-পঞ্জীর বিবরন
প্রধান লেখক: Levitt, Steven D. (autor)
অন্যান্য লেখক: Dubner, Stephen J. (autor) (autor)
বিন্যাস: গ্রন্থ
ভাষা:ইংরেজি
প্রকাশিত: Nueva York, EUA : William Morrow, 2006, c2006
বিষয়গুলি:
ট্যাগগুলো: ট্যাগ যুক্ত করুন
কোনো ট্যাগ নেই, প্রথমজন হিসাবে ট্যাগ করুন!

MARC

LEADER 00000nam^a2200000^a^4500
001 000349871
005 20250521000000.0
009 20260526141511.156
020 |a 0-06-073132-X 
037 |a Acervo ITESO - Biblioteca 
041 |a ING 
082 |a 330. 019  |b LEV 
100 |a Levitt, Steven D.  |e (autor) 
240 1 1 |a [Freakonomics] 
245 1 0 |a Freakonomics :  |b A Rogue Economist Explores the Hidden Side of Everything /  |c S.D. Levitt, S.J. Dubner. 
264 4 |a Nueva York, EUA :  |b William Morrow,  |c 2006, c2006 
300 |a XV, 320 p. 
336 |a texto  |b txt  |2 rdacontenido 
337 |a sin mediación  |b n  |2 rdamedio 
338 |a volumen  |b nc  |2 rdasoporte 
649 |a XX 
650 |a Toma de Decisiones -  |x Aspectos Psicológicos 
650 |a Toma de Decisiones -  |x Aspectos Sociales y Culturales 
650 |a Toma de Decisiones -  |x Aspectos Económicos 
650 |a Incentivos (Psicología) -  |x Aspectos Económicos -  |x Tema Principal 
650 |a Vida Cotidiana -  |x Aspectos Económicos 
650 |a Economía -  |x Aspectos Psicológicos -  |x Tema Principal 
650 |a Sociología de la Economía 
700 |a Dubner, Stephen J.  |e (autor) 
910 |a Fondo General 
920 |a Impresos - Libros 
930 |a Colección General 
905 |a 101 
901 |a 0500257380  |b IT1  |c ACC  |i D66829  |u 20250521 
902 |a https://opac.biblio.iteso.mx/vufind/Record/000349871